Comparative financial performance analysis of ACE manufacturing system Ltd, Bangalore / (Record no. 231811)
[ view plain ]
| 000 -LEADER | |
|---|---|
| fixed length control field | 00793nam a22002057a 4500 |
| 003 - CONTROL NUMBER IDENTIFIER | |
| control field | OSt |
| 005 - DATE AND TIME OF LATEST TRANSACTION | |
| control field | 20240918094050.0 |
| 008 - FIXED-LENGTH DATA ELEMENTS--GENERAL INFORMATION | |
| fixed length control field | 240917b ||||| |||| 00| 0 eng d |
| 040 ## - CATALOGING SOURCE | |
| Transcribing agency | AIMIT LIBRARY |
| 100 ## - MAIN ENTRY--PERSONAL NAME | |
| Personal name | V, Vaishali K. |
| Relator term | 2216223 |
| 9 (RLIN) | 179178 |
| 245 ## - TITLE STATEMENT | |
| Title | Comparative financial performance analysis of ACE manufacturing system Ltd, Bangalore / |
| Statement of responsibility, etc. | By Vaishali K V; Guided by Harinakshi |
| 260 ## - PUBLICATION, DISTRIBUTION, ETC. | |
| Place of publication, distribution, etc. | Bangalore; |
| Date of publication, distribution, etc. | 2024. |
| 650 ## - SUBJECT ADDED ENTRY--TOPICAL TERM | |
| Topical term or geographic name entry element | Industry profile company profile and introduction to study |
| 9 (RLIN) | 179179 |
| 650 ## - SUBJECT ADDED ENTRY--TOPICAL TERM | |
| Topical term or geographic name entry element | Research methodology |
| 9 (RLIN) | 179180 |
| 650 ## - SUBJECT ADDED ENTRY--TOPICAL TERM | |
| Topical term or geographic name entry element | Data analysis & interpretation |
| 9 (RLIN) | 179181 |
| 650 ## - SUBJECT ADDED ENTRY--TOPICAL TERM | |
| Topical term or geographic name entry element | Discussions of results & managerial implications |
| 9 (RLIN) | 179182 |
| 700 ## - ADDED ENTRY--PERSONAL NAME | |
| Personal name | Harinakshi |
| Relator term | Guide |
| 9 (RLIN) | 179183 |
| 856 ## - ELECTRONIC LOCATION AND ACCESS | |
| Materials specified | ACE Manufacturing systems Ltd. |
| Uniform Resource Identifier | <a href="www.amst.in">www.amst.in</a> |
| 942 ## - ADDED ENTRY ELEMENTS (KOHA) | |
| Source of classification or shelving scheme | Dewey Decimal Classification |
| Koha item type | Project Report |
| Withdrawn status | Lost status | Source of classification or shelving scheme | Damaged status | Not for loan | Collection code | Home library | Current library | Shelving location | Date acquired | Total Checkouts | Barcode | Date last seen | Copy number | Price effective from | Koha item type |
|---|---|---|---|---|---|---|---|---|---|---|---|---|---|---|---|
| Dewey Decimal Classification | Not for loan | Project Report MBA | St Aloysius Institute of Management & Information Technology | St Aloysius Institute of Management & Information Technology | Dissertations | 09/17/2024 | PRB02435 | 09/17/2024 | 2216223 | 09/17/2024 | Project Report |